000 00925nam a22003377b 4500
001 002034909
003 DO-SdBNP
005 20180126134621.0
007 002034909
008 050630s1986 sp | ||| ||spa
016 7 _a
_2BPMSU
017 _a
_b
020 _a8431012161
035 _a
040 _aBPMSU
_bspa
_cBPMSU
_e
041 1 _aspa
_h
080 0 _a
100 1 _aWest, Jerry
240 1 4 _aThe happy Hollisters /
_lEspañol
245 1 4 _aLos Hollister en Italia /
_h
_cJerry West ; traducción, Consuelo G. de Ortega; ilustración Antonio Borrell
250 _a15a. ed.
260 _aBarcelona:
_bToray,
_c1986
300 _a186 p. :
_b23 cm.
490 0 _aLos Hollister
_v18
700 _a G de Ortega, Consuelo
_etr.
700 _4
_aBorrel, Antonio
_eil.
830 _aLos Hollister
_v18
942 _2ddc
_cBK
945 _aInventariado, 2018 / YL
956 _aVMATEO
_b10
_cBPMSU
999 _c9358
_d9358